| 000 | 00393nam a22001697a 4500 | ||
|---|---|---|---|
| 003 | SGT | ||
| 020 | _a9789352706921 | ||
| 082 |
_a616.075 _bM18A |
||
| 100 | _aMNES, J. ALASTAIR | ||
| 245 | _aMADEOD.S CLINICAL EXAMINATION | ||
| 250 | _a12TH | ||
| 260 |
_aNEW DELHI _bELSEVIER _c2018 |
||
| 300 | _a383 | ||
| 650 | _aCLINICAL MEDICINE | ||
| 653 | _aEXAMINATION CLINICAL | ||
| 942 |
_2ddc _cBK _016 |
||
| 999 |
_c22895 _d22895 |
||